SHOW BY ROCK!! のバンド - Statistics

General Stats
  • This quiz has been taken 2 times
  • The average score is 7 of 36
Answer Stats
構成 バンド名 % Correct
Vo+GtVo+Gt Vo+B Vo+D プラズマジカ
100%
Vo+GtVo+K Vo+B Vo+D クリティクリスタ
100%
Vo+GtGt B D シンガンクリムゾンズ
50%
VoGt B D 雫シークレットマインド
50%
Vo+GtB D トライクロニカ
50%
Vo+GtB D 徒然なる操り霧幻庵
50%
Vo+PVn B D ARCAREAFACT
50%
Vo+GtB D BUD VIRGIN LOGIC
50%
Key・ChoVo Samp・Glock Gt ふぁにゃ(fhána)
50%
Vo+GtGt B Dr DOKONJOFINGER
50%
Vo+GtVo+Gt Vo+B Vo+Dr Mashumairesh!!
50%
Vo+GtVo+Gt Vo+B REIJINGSIGNAL
50%
VoGt B D ドーリィドルチ
0%
Vo+GtB Key D すたっどばんぎゃっしゅ
0%
Vo+GtGt B D 忍迅雷音
0%
Vo+GtKey Dr B ウワサノペタルズ
0%
Vo+BVo+Gt Key Dr ゼロティックホリック
0%
Vo/BGt Gt D 04Tobizbits(04 Limited Sazabys)
0%
Vo+GtGt B Key Dr しにものぐるい(植田真梨恵)
0%
Vo+GtB Gt D ガウガストライクス(カフカ)
0%
VoGt Key B D アリスビーンズ(アリス十番)
0%
Vo+KB D ラボムンク(クラムボン)
0%
Vo+GtB D ドロップアウト先生(明日、照らす)
0%
Vo/GtGt B D テケバキツ荘(ウソツキ)
0%
Vo/GtGt B D シロラクロスカ?(カラスは真っ白)
0%
Vo+GtB D フカシギミック(バンドごっこ)
0%
歌と6弦と弟キャーキャーうるさい方 4弦 ドラムと女声と姉 マキシマム ザ ホルトン(マキシマム ザ ホルモン)
0%
Vo+GtB D 真天地海賊幽霊ジグジグ(-真天地開闢集団-ジグザグ)
0%
DJVo Vo Key ラペッジオート (yksb feat.MiLO×31STYLE/YKMM)
0%
Vo+GtGt Gt B D チャーミーチャプレッツ(kiki*)
0%
VoGt B Key D デモンズベノム(SILHOUETTE FROM THE SKYLIT)
0%
Gt+VoBa+Vo Dr+Cho ヤバイ洗濯屋さん(ヤバイTシャツ屋さん)
0%
Vo+GtKey Dr B Gt Kuronoatmosphere
0%
Vo+GtGt+Vo Dr Ba Vn Spectrenotes(BIGMAMA)
0%
Vo+GtGt D B Key+Vo バイガンバーV
0%
Vo+BaGt Key Dr Yokazenohorizon
0%
No matching quizzes found
Score Distribution
Percent of People with Each Score
Percentile by Number Answered
Your Score History
You have not taken this quiz